| 000 | 005410000a22001810004500 | ||
|---|---|---|---|
| 003 | MACL | ||
| 005 | 20160409172148.0 | ||
| 008 | 160409b xxu||||| |||| 00| 0 eng d | ||
| 040 |
_aMACL _cMACL |
||
| 041 | _aHindi | ||
| 082 | _a080 | ||
| 100 |
_aशशिकान्त तिवारी _951543 |
||
| 245 | _aआश्चर्यजनक सत्य | ||
| 260 |
_aदिल्ली _bखुराना बुक कम्पनी _c2010 |
||
| 350 | _a280 | ||
| 650 |
_aGeneral _951544 |
||
| 942 |
_cHIN _k080 _2ddc |
||
| 999 |
_c46429 _d46429 |
||